00539nam a2200157 i 450000100060000000300090000600700030001500800410001810000360005924501430009526000370023830000200027570000290029570000230032485200340034778766ES-MaACLt|041015s1982 ag ||||1| spa d1 aHegel, Georg Wilhelm Friedrich.10aCiencia de la lógica / cG.W.F. Hegel ; traducción directa del alemán de Augusta y Rodolfo Mondolfo ; prólogo de Rodolfo Mondolfo. aBuenos Aires : bSolar, c[1928] a2 v. ; c20 cm.1 aMondolfo, Augusta A. de.1 aMondolfo, Rodolfo. aES-MaACLjL-4177-8 bR.104796